Biggest Canadian Cities by Province - Statistics

General Stats
  • This quiz has been taken 175 times
  • The average score is 10 of 13
Answer Stats
Province/Territory City % Correct
Ontario Toronto
99%
British Columbia Vancouver
95%
Alberta Calgary
92%
Quebec Montréal
92%
Manitoba Winnipeg
85%
Nova Scotia Halifax
84%
Saskatchewan Saskatoon
80%
Northwest Territories Yellowknife
80%
Newfoundland and Labrador St John's
79%
Yukon Whitehorse
71%
Prince Edward Island Charlottetown
62%
Nunavut Iqaluit
57%
New Brunswick Saint John
50%
No matching quizzes found
Score Distribution
Percent of People with Each Score
Percentile by Number Answered
Your Score History
You have not taken this quiz